ロード中...

Couples /

書誌詳細
第一著者: Updike, John
言語:Undetermined
出版事項: 1968.
LEADER 00360nam a2200121Ia 4500
001 45464
008 170722s9999 xx 000 0 und d
100 |a Updike, John 
245 |a Couples / 
260 |c 1968. 
942 |c GEN 
999 |c 75702  |d 75702 
952 |0 0  |1 0  |4 0  |6 O_1113N322CO_K8  |7 0  |8 CR  |9 107227  |a LIB  |b LIB  |d 2017-08-12  |h CR  |o O111,3N322,CO K8  |p 128911  |r 2017-08-12  |w 2017-08-12  |y GEN